000
00272nam a2200097Ia 4500
001
1300162
005
20260420095859.0
008
260420s9999 xx 000 0 und d
245
0
_a
ERDEMLER 2 - ALÇAKGÖNÜLLÜ DAVRANIYORUM
_c
KOLEKTİF
260
_b
TİMAŞ ÇOCUK YAYINLARI
999
_c
1300162
_d
1300162